| 000 | 00511nam a2200181 a 4500 | ||
|---|---|---|---|
| 005 | 20210223122815.0 | ||
| 008 | 991125s1941 mx 000 0 spa u | ||
| 035 | _aUPN01000041904 | ||
| 049 | _aSEP | ||
| 050 | 4 |
_aPQ6076 _bD5.5 |
|
| 100 | 1 | _aDíez-Canedo, Enrique | |
| 245 | 1 | 3 |
_aLa nueva poesía / _cEnrique Díez-Canedo. |
| 260 |
_aMéxico : _bEl Nacional, _c1941. |
||
| 300 | _a108 p. | ||
| 440 | 0 |
_aSiglo XX ; _v8. _pBiblioteca del maestro |
|
| 650 | 4 |
_aPOESIA - _xHISTORIA Y CRITICA _91217 |
|
| 905 | _aLibro | ||
| 999 |
_c41904 _d41904 |
||